[Event "GER-ch41 V09 serv"]
[Site "GER email"]
[Date "2009.05.04"]
[Round "?"]
[White "Heinke, Richard"]
[Black "Siegel, Willi"]
[Result "1-0"]
[WhiteElo "2170"]
[BlackElo "1972"]
[PlyCount "93"]
[EventDate "2009.05.11"]
[EventType "tourn (corr)"]
[EventRounds "10"]
[EventCountry "GER"]
[SourceTitle "Corr 2013"]
[Source "ChessBase"]
[SourceDate "2012.11.12"]
[SourceVersion "1"]
[SourceVersionDate "2012.11.12"]
[SourceQuality "1"]

1. d4 d5 2. c4 e6 3. Nc3 Nf6 4. Nf3 c6 5. e3 Nbd7 6. Bd3 dxc4 7. Bxc4 b5 8. Bd3 a6 9. e4 c5 10. d5 exd5 11. e5 Ng4 12. Bg5 f6 13. exf6 gxf6 14. Bf4 d4 15. Nxd4 Nde5 16. Bxe5 Nxe5 17. Qh5+ Kd7 18. Bf5+ Ke7 19. Nf3 Qe8 20. Nd5+ Kd8 21. Qxe8+ Kxe8 22. Nxf6+ Kf7 23. Nxe5+ Kxf6 24. Bxc8 Rxc8 25. Nd7+ Kf7 26. 0-0-0 Bg7 27. Rhe1 Rhe8 28. Rxe8 Kxe8 29. Ne5 Rd8 30. Rxd8+ Kxd8 31. Nd3 Bd4 32. f3 Kc7 33. b3 Kd6 34. Kd2 Bg1 35. h3 Bh2 36. Ke3 Kd5 37. f4 Bg1+ 38. Kf3 Kd4 39. Nc1 Be3 40. Ne2+ Kd3 41. g4 Bd2 42. g5 c4 43. bxc4 bxc4 44. h4 c3 45. f5 c2 46. f6 Bc3 47. h5 1-0

[Event "GER-ch41 V09 serv"]
[Site "GER email"]
[Date "2009.05.04"]
[Round "?"]
[White "Siegel, Willi"]
[Black "Zejewski, Paul"]
[Result "0-1"]
[WhiteElo "1972"]
[BlackElo "2126"]
[PlyCount "94"]
[EventDate "2009.05.11"]
[EventType "tourn (corr)"]
[EventRounds "10"]
[EventCountry "GER"]
[SourceTitle "Corr 2013"]
[Source "ChessBase"]
[SourceDate "2012.11.12"]
[SourceVersion "1"]
[SourceVersionDate "2012.11.12"]
[SourceQuality "1"]

1. d4 Nf6 2. c4 e6 3. Nc3 Bb4 4. Qc2 d5 5. cxd5 exd5 6. Bg5 h6 7. Bh4 0-0 8. e3 Nc6 9. Bd3 Re8 10. Nf3 Bg4 11. 0-0 Bd6 12. a3 g5 13. Bg3 a6 14. b4 Bxf3 15. gxf3 Ne7 16. Kh1 Qd7 17. Bxd6 cxd6 18. Rg1 Kf8 19. Na4 Ra7 20. Nc3 Rc8 21. a4 Raa8 22. a5 Rc6 23. Qb2 Qh3 24. Rg3 Qe6 25. Na4 Nf5 26. Rgg1 Nh4 27. Qe2 Rac8 28. Rad1 R8c7 29. Rde1 Rc4 30. Bxc4 Rxc4 31. Nb2 Rc3 32. Nd1 Rb3 33. Rg3 Nh5 34. Rg4 Rxb4 35. h3 Qf5 36. Rxh4 gxh4 37. Kh2 Rb3 38. Qd2 Nf6 39. Rg1 Nh7 40. f4 Qd3 41. Qc1 Qc4 42. Qd2 Nf6 43. Re1 Ne4 44. Qe2 Qxe2 45. Rxe2 Rd3 46. f3 Ng3 47. Re1 Ra3 0-1

[Event "GER ML-326 email"]
[Site "GER email"]
[Date "2009.??.??"]
[Round "?"]
[White "Bruening, Ralf"]
[Black "Siegel, Willi"]
[Result "1/2-1/2"]
[WhiteElo "1976"]
[BlackElo "1790"]
[PlyCount "57"]
[EventDate "2009.??.??"]
[EventType "tourn (corr)"]
[EventRounds "6"]
[EventCountry "GER"]
[SourceTitle "Corr 2011"]
[Source "ChessBase"]
[SourceDate "2010.08.31"]
[SourceVersion "1"]
[SourceVersionDate "2010.08.31"]
[SourceQuality "1"]

1. e4 e5 2. Nf3 Nc6 3. Bb5 a6 4. Ba4 Nf6 5. 0-0 Be7 6. Re1 b5 7. Bb3 d6 8. c3 0-0 9. h3 Na5 10. Bc2 c5 11. d4 cxd4 12. cxd4 Bb7 13. d5 Nd7 14. b3 Rc8 15. Bd2 Qc7 16. Na3 f5 17. Rc1 Qb6 18. Be3 Qd8 19. exf5 Nf6 20. b4 Nc4 21. Nxc4 bxc4 22. Bg5 Nd7 23. Qd2 h6 24. Bxe7 Qxe7 25. Re3 Nf6 26. Nh4 Rf7 27. Be4 Qd7 28. f3 Qb5 29. Ng6 1/2-1/2

[Event "GER ML-327 email"]
[Site "GER email"]
[Date "2009.??.??"]
[Round "?"]
[White "Siegel, Willi"]
[Black "Heide, Eckhard"]
[Result "1/2-1/2"]
[WhiteElo "1790"]
[BlackElo "2250"]
[PlyCount "113"]
[EventDate "2008.??.??"]
[EventType "tourn (corr)"]
[EventRounds "6"]
[EventCountry "GER"]
[SourceTitle "Corr 2011"]
[Source "ChessBase"]
[SourceDate "2010.08.31"]
[SourceVersion "1"]
[SourceVersionDate "2010.08.31"]
[SourceQuality "1"]

1. d4 Nf6 2. c4 e6 3. Nf3 b6 4. a3 Ba6 5. Qc2 Bb7 6. Nc3 c5 7. e4 cxd4 8. Nxd4 Nc6 9. Nxc6 Bxc6 10. e5 Ng8 11. Bf4 Ne7 12. Ne4 Ng6 13. Bg3 Qb8 14. f4 Be7 15. Bd3 0-0 16. 0-0 d6 17. b4 dxe5 18. fxe5 a5 19. Nd6 axb4 20. Bxg6 hxg6 21. axb4 f5 22. Qd2 Qc7 23. b5 Bb7 24. Rxa8 Rxa8 25. Rd1 Rb8 26. Qd4 Ba8 27. Ra1 g5 28. h3 Kh7 29. Ra6 Kh6 30. Kh2 Kh7 31. Be1 Kg8 32. Bf2 Bxd6 33. exd6 Qb7 34. Rxa8 Qxa8 35. d7 Rd8 36. Qxb6 Rxd7 37. Qxe6+ Rf7 38. b6 Qb8+ 39. Kh1 Qf4 40. Be3 Qg3 41. Bc5 Qb8 42. Bg1 g4 43. c5 gxh3 44. gxh3 Qf4 45. Qa2 Qf1 46. Qg2 Qf4 47. c6 Rf8 48. c7 Qc4 49. Qf3 g6 50. Kh2 Re8 51. Bf2 Kf7 52. h4 Kf6 53. Kg3 Re4 54. Kh3 g5 55. hxg5+ Kg6 56. Bg3 Re8 57. Bf4 1/2-1/2

[Event "GER HL-132 email"]
[Site "GER email"]
[Date "2006.08.19"]
[Round "?"]
[White "Siegel, Willi"]
[Black "Mueller, Klaus"]
[Result "1-0"]
[WhiteElo "1830"]
[BlackElo "1548"]
[PlyCount "61"]
[EventDate "2006.??.??"]
[EventType "tourn (corr)"]
[EventRounds "6"]
[EventCountry "GER"]
[SourceTitle "Corr 2020"]
[Source "ChessBase"]
[SourceDate "2019.09.30"]
[SourceVersion "1"]
[SourceVersionDate "2019.09.30"]
[SourceQuality "1"]

1. d4 Nf6 2. c4 e6 3. Nc3 Bb4 4. Bd2 b6 5. e4 Bb7 6. e5 Bxc3 7. bxc3 Ne4 8. Be3 f6 9. f3 Ng5 10. Bxg5 fxg5 11. Bd3 c5 12. Qc2 g4 13. h4 cxd4 14. cxd4 g6 15. h5 Nc6 16. hxg6 Nb4 17. Qd2 Nxd3+ 18. Qxd3 Qe7 19. gxh7 0-0-0 20. Rc1 Ba6 21. Qc2 Kb8 22. c5 gxf3 23. Nxf3 Ka8 24. cxb6 axb6 25. Kf2 Rdf8 26. Qb3 Qd8 27. Rc3 Qg5 28. Qb2 Rf7 29. Rb3 b5 30. Ra3 Kb7 31. Rxa6 1-0

[Event "GER OL-197 email"]
[Site "GER email"]
[Date "2005.??.??"]
[Round "?"]
[White "Kregelin, Jan"]
[Black "Siegel, Willi"]
[Result "1-0"]
[WhiteElo "2067"]
[BlackElo "1790"]
[PlyCount "71"]
[EventDate "2005.??.??"]
[EventType "tourn (corr)"]
[EventRounds "6"]
[EventCountry "GER"]
[SourceTitle "Corr 2020"]
[Source "ChessBase"]
[SourceDate "2019.09.30"]
[SourceVersion "1"]
[SourceVersionDate "2019.09.30"]
[SourceQuality "1"]
[WhiteTeam "Germany"]
[BlackTeam "Germany"]
[WhiteTeamCountry "GER"]
[BlackTeamCountry "GER"]

1. d4 Nf6 2. c4 e6 3. Nc3 Bb4 4. Qc2 c5 5. dxc5 Bxc5 6. Nf3 d6 7. Bg5 h6 8. Bh4 g5 9. Bg3 Nh5 10. 0-0-0 Nxg3 11. hxg3 Nc6 12. e3 g4 13. Nd4 Bxd4 14. exd4 Qg5+ 15. Kb1 Ke7 16. Ka1 a5 17. Qe2 Kf8 18. Ne4 Qe7 19. Qe3 h5 20. c5 dxc5 21. dxc5 e5 22. Nd6 Be6 23. Bd3 Rd8 24. Bb1 b6 25. f4 gxf3 26. gxf3 a4 27. Rd2 f6 28. f4 exf4 29. Qe4 Ne5 30. gxf4 Nd7 31. Nb7 Re8 32. c6 Nc5 33. Nxc5 Qxc5 34. Qg6 Qe7 35. Re1 a3 36. c7 1-0